| 000 | 00451nam a22001697a 4500 | ||
|---|---|---|---|
| 005 | 20240704122518.0 | ||
| 008 | 240704b |||||||| |||| 00| 0 eng d | ||
| 020 | _a9789332550131 | ||
| 082 |
_a300.2851 _bVAL-N |
||
| 100 | _aValkenburg,M.E.Van | ||
| 245 |
_aNetwork Analysis / _cM.E.Vanlkenburg |
||
| 260 |
_aindia: _bPearson; _c2017. |
||
| 300 |
_axii, 571 p. : _billl; _c23 cm. |
||
| 500 | _ainclude index. | ||
| 650 | _aNetworking | ||
| 999 |
_c36044 _d36044 |
||